00269nam a2200121Ia 4500008004100000100001900041245002800060260001700088300000900105650001100114942000700125999001500132190216s9999||||xx |||||||||||||| ||und|| aChellappan K P 0aTaxonomy Of Angiosperms bMaruti Books a239p aBotany cBK c1178d1178